FWA Footballer of the Year Winners - Statistics

General Stats
  • This quiz has been taken 51 times
    20 since last reset
  • The average score is 30 of 77
Answer Stats
Year Team Player % Correct
2023 Man. City Erling Haaland
100%
2022 Liverpool Mohamed Salah
100%
2018 Liverpool Mohamed Salah
100%
2016 Leicester City Jamie Vardy
95%
2009 Liverpool Steven Gerrard
89%
2006 Arsenal Thierry Henry
89%
2004 Arsenal Thierry Henry
89%
2003 Arsenal Thierry Henry
89%
2010 Man. United Wayne Rooney
89%
2008 Man. United Cristiano Ronaldo
84%
2007 Man. United Cristiano Ronaldo
84%
2005 Chelsea Frank Lampard
84%
2017 Chelsea N'golo Kante
79%
2012 Arsenal Robin Van Persie
79%
1994 Blackburn Rovers Alan Shearer
74%
2014 Liverpool Luis Suarez
74%
2015 Chelsea Eden Hazard
68%
2013 Tottenham Hotspur Gareth Bale
68%
1998 Arsenal Dennis Bergkamp
58%
1997 Chelsea Gianfranco Zola
58%
1984 Liverpool Ian Rush
58%
2020 Liverpool Jordan Henderson
58%
2001 Man. United Teddy Sheringham
58%
1996 Man. United Eric Cantona
53%
1976 Liverpool Kevin Keegan
53%
2002 Arsenal Robert Pires
53%
1966 Man. United Bobby Charlton
47%
1992 Tottenham Hotspur Gary Lineker
47%
1986 Everton Gary Lineker
47%
1967 Leeds United Jack Charlton
47%
1990 Liverpool John Barnes
47%
1988 Liverpool John Barnes
47%
1983 Liverpool Kenny Dalglish
47%
1979 Liverpool Kenny Dalglish
47%
2019 Man. City Raheem Sterling
47%
2000 Man. United Roy Keane
47%
1963 Stoke City Stanley Matthews
47%
1948 Blackpool Stanley Matthews
47%
1952 Wolverhampton Wanderers Billy Wright
42%
2021 Man. City Ruben Dias
42%
1968 Man. United George Best
37%
1964 West Ham United Bobby Moore
26%
1993 Sheffield Wednesday Chris Waddle
26%
1999 Tottenham Hotspur David Ginola
26%
1995 Tottenham Hotspur Jurgen Klinsmann
26%
1959 Luton Town Syd Owen
26%
1972 Stoke City Gordon Banks
21%
1991 Leeds United Gordon Strachan
16%
1980 Liverpool Terry McDermott
16%
1957 Preston North End Tom Finney
16%
1954 Preston North End Tom Finney
16%
1970 Leeds United Billy Bremner
11%
1985 Everton Neville Southall
11%
1956 Man. City Bert Trautmann
5%
1987 Tottenham Hotspur Clive Allen
5%
1961 Tottenham Hotspur Danny Blanchflower
5%
1958 Tottenham Hotspur Danny Blanchflower
5%
1977 Liverpool Emlyn Hughes
5%
1951 Blackpool Harry Johnston
5%
1974 Liverpool Ian Callaghan
5%
1953 Bolton Wanderers Nat Lofthouse
5%
1975 Fulham Alan Mullery
0%
1960 Wolverhampton Wanderers Bill Slater
0%
1965 Leeds United Bobby Collins
0%
1969 Derby County Dave Mackay
0%
1955 Man. City Don Revie
0%
1971 Arsenal Frank McLintock
0%
1981 Ipswich Town Frans Thijssen
0%
1962 Burnley Jimmy Adamson
0%
1950 Arsenal Joe Mercer
0%
1949 Man. United Johnny Carey
0%
1978 Nottingham Forest Kenny Burns
0%
1973 Tottenham Hotspur Pat Jennings
0%
2011 West Ham United Scott Parker
0%
1989 Liverpool Steve Nicol
0%
1982 Tottenham Hotspur Steve Perryman
0%
1969 Man. City Tony Book
0%
No matching quizzes found
Score Distribution
Percent of People with Each Score
Percentile by Number Answered
Your Score History
You have not taken this quiz since the last reset